000 00678cam a22002291 4500
001 ne 64003548
003 DLC
005 20260227111809.0
008 890607s1964 ua b 000 0 ara
010 _ane 64003548
025 _aPL480:UAR-5192
035 _a(OCoLC)19830366
040 _aDLC
_cWaU
_dWaU
_dDLC
042 _apremarc
050 0 0 _aPJ7876.I9
_bZ69
100 1 _aḤasan, Muḥammad ʻAbd al-Ghanī.
245 1 0 _aMayy, adībat al-sharq wa-al-ʻurūbah.
_c[Taʼlīf] Muḥammad ʻAbd al-Ghanī Ḥasan.
260 _aal-Qāhirah,
_bʻĀlam al-Kutub
_c[1964]
300 _a338 p.
_c19 cm.
504 _aBibliographical footnotes.
600 1 0 _aZiyādah, Mayy.
999 _c47767
_d47767